|
|
|
|
| LEADER |
00701nta a2200193 i 4500 |
| 001 |
dipl105923 |
| 005 |
20210208141051.0 |
| 008 |
210208s2009 hu om 0|| zxx d |
| 040 |
|
|
|a SZTE Diploma Repozitórium
|b hun
|
| 041 |
|
|
|a zxx
|
| 100 |
1 |
|
|a Balogh Dalma
|
| 245 |
1 |
2 |
|a A Pataki-díjas színészek Vajdaságban
|h [elektronikus dokumentum] /
|c Dalma Balogh
|
| 246 |
1 |
0 |
|a Pataki Prize awarded actors and actresses in Vojvodina
|h [elektronikus dokumentum]
|
| 260 |
|
|
|c 2009
|
| 650 |
|
4 |
|a Pedagógusképzés
|
| 650 |
|
4 |
|a Social sciences
|
| 650 |
|
4 |
|a Other social sciences
|
| 700 |
1 |
|
|a Demcsák Katalin
|e ths
|
| 856 |
4 |
0 |
|u http://diploma.bibl.u-szeged.hu/id/eprint/105923/1/2009_balogh_dalma.pdf
|z Dokumentum-elérés
|